Linear integral equations /
Guardado en:
| Autor Principal: | |
|---|---|
| Formato: | Libro |
| Idioma: | English Russian |
| Publicado: |
Delhi :
Hindustan Publishing Corp.,
1960.
|
| Series: | International monographs on advanced mathematics and physics
|
| Etiquetas: |
Agregar Etiqueta
Sin Etiquetas, Sea el primero en etiquetar este registro!
|
| LEADER | 00720nam a22001935a 4500 | ||
|---|---|---|---|
| 001 | MAT.inmabb001171 | ||
| 008 | 031120s1960####ii############000#0#eng#d | ||
| 005 | 20130404094148.0 | ||
| 245 | 1 | 0 | |a Linear integral equations / |c by S. G. Mikhlin. |
| 260 | |a Delhi : |b Hindustan Publishing Corp., |c 1960. | ||
| 300 | |a ii, vii, 223 p. ; |c 22 cm. | ||
| 440 | 0 | |a International monographs on advanced mathematics and physics | |
| 500 | |a Translated from the original Russian title "Lektsi po linenim integralnim yravnenijam" (1959). | ||
| 510 | 4 | |a MR, |c 24 #A3483 | |
| 100 | 1 | |a Mikhlin, S. G. |q (Solomon Grigor´evich), |d 1908- | |
| 084 | |a 45A05 |2 msc2000 | ||
| 010 | |a 61066300 | ||
| 041 | 1 | |a eng |h rus | |
| 859 | |h 45 |i M636 |p A-1180 |b BIB. MATEMATICA | ||
